00634nai a2200157Ia 4500003000900000008004100009022002200050040001600072245004400088260008600132310001100218362002800229521006900257650005700326856009300383IN-BaIIA211028c9999 xx s 000 0 eng d a1553-877X (Print) cIIA Library 0aIEEE Communications Surveysh[eJournal] aNew York, USAbThe Institute of Electrical and Electronics Engineers, Inc. (IEEE) a3/year a1(1); 1998 - 2(3); 1999 bSubscribed through National Knowledge Resource Consortium (NKRC) aCommunication, Networking and Broadcast Technologies uhttps://ieeexplore.ieee.org/servlet/opac?punumber=7041148yClick Here to Access eJournal